Nákupný striptíz
Význam nákupnej karty pre obchodníka. Databázy užitočných informácií o zákazníkovi. Cielené aktivity na zvýšenie hodnoty zákazníka. Zákaznícke karty obľúbené najmä v maloobchode, hoteloch, gastronómii a v zábavnom priemysle. Najväčší vernostný program na Slovensku prevádzkuje Tesco.
Salvato in:
| Autore principale: | |
|---|---|
| Natura: | Capitolo di libro |
| Lingua: | slovacco |
| Soggetti: | |
| Tags: |
Nessun Tag, puoi essere il primo ad aggiungerne!!
|
MARC
| LEADER | 00000naa a2200000 4500 | ||
|---|---|---|---|
| 001 | 0184322 | ||
| 005 | 20231113101206.4 | ||
| 041 | 0 | |a slo | |
| 044 | |a SK | ||
| 245 | 1 | 0 | |a Nákupný striptíz |c Marek Legéň |
| 520 | |a Význam nákupnej karty pre obchodníka. Databázy užitočných informácií o zákazníkovi. Cielené aktivity na zvýšenie hodnoty zákazníka. Zákaznícke karty obľúbené najmä v maloobchode, hoteloch, gastronómii a v zábavnom priemysle. Najväčší vernostný program na Slovensku prevádzkuje Tesco. | ||
| 610 | 2 | 0 | |a zákazníci |
| 610 | 2 | 0 | |a karty zákaznícke |
| 610 | 2 | 0 | |a karty čipové |
| 610 | 2 | 0 | |a správanie spotrebiteľa |
| 610 | 2 | 0 | |a obchod |
| 610 | 2 | 0 | |a reťazce obchodné |
| 100 | 1 | |a Legéň, Marek | |